[Event "SVK-chT1E 1213"]
[Site "Slovakia"]
[Date "2012.12.09"]
[Round "4.1"]
[White "Petrik, Tomas"]
[Black "Egyed, Andras"]
[Result "1-0"]
[WhiteElo "2534"]
[BlackElo "2289"]
[PlyCount "109"]
[EventDate "2012.10.20"]
[EventType "team-tourn"]
[EventRounds "11"]
[EventCountry "SVK"]
[SourceTitle "EXT 2014"]
[Source "ChessBase"]
[SourceDate "2013.11.20"]
[SourceVersion "1"]
[SourceVersionDate "2013.11.20"]
[SourceQuality "1"]
[WhiteTeam "Stara Lubovna"]
[BlackTeam "Filakovo"]
[WhiteTeamCountry "SVK"]
[BlackTeamCountry "SVK"]

1. e4 e6 2. d4 d5 3. Nd2 dxe4 4. Nxe4 Bd7 5. Nf3 Bc6 6. Bd3 Nd7 7. 0-0 Ngf6 8. Ng3 Be7 9. Re1 0-0 10. c3 Re8 11. Bf4 Bxf3 12. Qxf3 c6 13. Rad1 Nf8 14. Bb1 Ng6 15. Bc1 a5 16. Nf1 Qd5 17. Qe2 Bd6 18. g3 Bc7 19. h4 Qh5 20. Qc2 h6 21. Qe2 Qxe2 22. Rxe2 Ne7 23. Nd2 Red8 24. Ree1 Ned5 25. Nc4 Nd7 26. a4 N7b6 27. Nxb6 Bxb6 28. Kg2 Bc7 29. f4 Re8 30. Kf3 h5 31. f5 e5 32. dxe5 Rxe5 33. Rxe5 Bxe5 34. Ba2 Nb6 35. Bb3 Bc7 36. Re1 Bd6 37. Bg5 Kf8 38. f6 gxf6 39. Bxf6 Nd7 40. Bg5 Ne5+ 41. Kg2 Kg7 42. Rf1 Rf8 43. Bf6+ Kg6 44. Bc2+ Kh6 45. Kh3 Ng6 46. Rf5 Be7 47. Bd4 f6 48. Be3+ Kg7 49. Rxh5 Rd8 50. Rxa5 Ne5 51. Ra7 Rb8 52. b4 Kf7 53. a5 Ke6 54. a6 bxa6 55. Bb3+ 1-0

[Event "HUN-chT2 Erkel 1213"]
[Site "Hungary"]
[Date "2012.12.02"]
[Round "5.3"]
[White "Egyed, Andras"]
[Black "Torok, Adam"]
[Result "1-0"]
[WhiteElo "2289"]
[BlackElo "2124"]
[PlyCount "67"]
[EventDate "2012.09.16"]
[EventType "team-tourn"]
[EventRounds "11"]
[EventCountry "HUN"]
[SourceTitle "EXT 2014"]
[Source "ChessBase"]
[SourceDate "2013.11.20"]
[SourceVersion "1"]
[SourceVersionDate "2013.11.20"]
[SourceQuality "1"]
[WhiteTeam "Matra"]
[BlackTeam "Vizugy"]
[WhiteTeamCountry "HUN"]
[BlackTeamCountry "HUN"]

1. d4 d5 2. Nf3 e6 3. Bf4 c5 4. c3 cxd4 5. cxd4 Nc6 6. Nc3 Nf6 7. e3 Bb4 8. Bd3 0-0 9. 0-0 Bxc3 10. bxc3 a6 11. a4 h6 12. h3 Nh5 13. Bh2 f5 14. Ne5 Qe8 15. Nxc6 bxc6 16. a5 Nf6 17. Qe2 Ne4 18. Rfc1 Qe7 19. c4 dxc4 20. Rxc4 Bb7 21. Bxe4 fxe4 22. Rc5 Rf5 23. Rac1 Raf8 24. Bg3 Rxc5 25. dxc5 e5 26. Qc4+ Kh8 27. Qxe4 Re8 28. Rb1 Qc7 29. Rb6 Re7 30. Qg6 Qd7 31. Qd6 Qe8 32. Bxe5 Rd7 33. Qb8 Rd8 34. Bxg7+ 1-0

[Event "SVK-chT1E 1213"]
[Site "Slovakia"]
[Date "2012.10.21"]
[Round "2.1"]
[White "Vyparina, Matej"]
[Black "Egyed, Andras"]
[Result "1/2-1/2"]
[WhiteElo "2305"]
[BlackElo "2289"]
[PlyCount "81"]
[EventDate "2012.10.20"]
[EventType "team-tourn"]
[EventRounds "11"]
[EventCountry "SVK"]
[SourceTitle "EXT 2014"]
[Source "ChessBase"]
[SourceDate "2013.11.20"]
[SourceVersion "1"]
[SourceVersionDate "2013.11.20"]
[SourceQuality "1"]
[WhiteTeam "Zilina Mladost"]
[BlackTeam "Filakovo"]
[WhiteTeamCountry "SVK"]
[BlackTeamCountry "SVK"]

1. e4 e6 2. d4 d5 3. e5 c5 4. c3 Qb6 5. Nf3 Bd7 6. Be2 Bb5 7. c4 Bxc4 8. Bxc4 Qb4+ 9. Nbd2 dxc4 10. a3 Qb5 11. 0-0 Nc6 12. dxc5 Bxc5 13. Qe2 Nge7 14. Nxc4 0-0 15. Bg5 Ng6 16. Qe4 h6 17. Bd2 Rfd8 18. Rac1 Nd4 19. b4 Nxf3+ 20. Qxf3 Bf8 21. Be3 Rac8 22. Nd6 Bxd6 23. Rxc8 Rxc8 24. exd6 Ne5 25. Qg3 Qd5 26. Bxh6 Ng6 27. Be3 b6 28. h4 Rd8 29. Rc1 Rxd6 30. h5 Ne7 31. h6 Nf5 32. Qg4 Rd8 33. Bg5 Qd4 34. Qxd4 Rxd4 35. Rc8+ Kh7 36. hxg7 Kxg7 37. Ra8 Rd7 38. a4 f6 39. Be3 Kg6 40. Rg8+ Kf7 41. Ra8 1/2-1/2

[Event "SVK-chT1E 1213"]
[Site "Slovakia"]
[Date "2012.10.20"]
[Round "1.1"]
[White "Egyed, Andras"]
[Black "Druska, Juraj"]
[Result "1/2-1/2"]
[WhiteElo "2289"]
[BlackElo "2310"]
[PlyCount "116"]
[EventDate "2012.10.20"]
[EventType "team-tourn"]
[EventRounds "11"]
[EventCountry "SVK"]
[SourceTitle "EXT 2014"]
[Source "ChessBase"]
[SourceDate "2013.11.20"]
[SourceVersion "1"]
[SourceVersionDate "2013.11.20"]
[SourceQuality "1"]
[WhiteTeam "Filakovo"]
[BlackTeam "Liptov Chess School"]
[WhiteTeamCountry "SVK"]
[BlackTeamCountry "SVK"]

1. Nf3 c5 2. c4 Nc6 3. d4 cxd4 4. Nxd4 e5 5. Nc2 Nf6 6. Nc3 Bc5 7. Be3 Qb6 8. Bxc5 Qxc5 9. e3 0-0 10. Nd5 Nxd5 11. Qxd5 Qxd5 12. cxd5 Ne7 13. e4 d6 14. Bd3 f5 15. f3 fxe4 16. fxe4 Ng6 17. Ne3 Nf4 18. Bf1 Bd7 19. Rc1 Rac8 20. Rxc8 Rxc8 21. Kd2 Kf7 22. g3 Nh5 23. Bd3 Ke7 24. Rf1 Nf6 25. Rc1 Rxc1 26. Kxc1 Ng4 27. Nxg4 Bxg4 28. Kd2 Kf6 29. Ke3 Bh3 30. Be2 Kg5 31. Bf3 h5 32. b4 h4 33. a3 hxg3 34. hxg3 Bg4 35. Bg2 Bd7 36. Bf3 Bb5 37. Bd1 Kf6 38. Bg4 Kg5 39. Bd1 Bd7 40. Bf3 Bg4 41. Bg2 Kf6 42. Bf1 Ke7 43. Bb5 Kd8 44. Bd3 Kc7 45. Kd2 Kb6 46. Kc3 a5 47. Bf1 Bh5 48. Bd3 Bg6 49. Bc2 Kb5 50. Kb3 axb4 51. axb4 Be8 52. Bd1 Bd7 53. Bh5 Bh3 54. Be8+ Kb6 55. Kc3 Bg2 56. Bg6 Bf3 57. Bf5 Bh5 58. Bd7 Bf3 1/2-1/2

[Event "HUN-chT2 Erkel 1112"]
[Site "Hungary"]
[Date "2012.05.06"]
[Round "10.4"]
[White "Egyed, Andras"]
[Black "Koronghy, Gyula"]
[Result "1-0"]
[WhiteElo "2260"]
[BlackElo "2168"]
[PlyCount "99"]
[EventDate "2011.09.25"]
[EventType "team-tourn"]
[EventRounds "11"]
[EventCountry "HUN"]
[SourceTitle "EXT 2013"]
[Source "ChessBase"]
[SourceDate "2012.11.22"]
[SourceVersion "1"]
[SourceVersionDate "2012.11.22"]
[SourceQuality "1"]
[WhiteTeam "Matra"]
[BlackTeam "Foti"]
[WhiteTeamCountry "HUN"]
[BlackTeamCountry "HUN"]

1. Nf3 Nf6 2. c4 g6 3. Nc3 Bg7 4. g3 d6 5. Bg2 0-0 6. 0-0 e5 7. d4 Nc6 8. h3 h6 9. Be3 exd4 10. Nxd4 Nxd4 11. Bxd4 c6 12. e4 Be6 13. b3 Qd7 14. Kh2 h5 15. Rc1 c5 16. Be3 a6 17. e5 dxe5 18. Qxd7 Nxd7 19. Bxb7 Ra7 20. Bc6 Rc7 21. Nd5 Rxc6 22. Ne7+ Kh7 23. Nxc6 f5 24. Bg5 f4 25. gxf4 exf4 26. Rfe1 Rf5 27. Rxe6 Rxg5 28. Rg1 Rf5 29. Rexg6 Rf7 30. Nd8 Ne5 31. Nxf7 Nxg6 32. Rg5 Bf6 33. Rxh5+ Kg7 34. Nh6 Ne5 35. Ng4 Nf3+ 36. Kg2 Nh4+ 37. Rxh4 Bxh4 38. Kf3 Bg5 39. Ke4 Kg6 40. Ne5+ Kh5 41. Nd3 Kh4 42. Nxf4 a5 43. a4 Bf6 44. Kf3 Bc3 45. Kg2 Bd2 46. Ne6 Bb4 47. f4 Kh5 48. f5 Ba3 49. Kf3 Bb2 50. Ke4 1-0

[Event "HUN-chT2 Erkel 1112"]
[Site "Hungary"]
[Date "2012.02.19"]
[Round "6.4"]
[White "Kahn, Evarth"]
[Black "Egyed, Andras"]
[Result "1/2-1/2"]
[WhiteElo "2252"]
[BlackElo "2260"]
[PlyCount "22"]
[EventDate "2011.09.25"]
[EventType "team-tourn"]
[EventRounds "11"]
[EventCountry "HUN"]
[SourceTitle "EXT 2013"]
[Source "ChessBase"]
[SourceDate "2012.11.22"]
[SourceVersion "1"]
[SourceVersionDate "2012.11.22"]
[SourceQuality "1"]
[WhiteTeam "Szigetszentmiklos"]
[BlackTeam "Matra"]
[WhiteTeamCountry "HUN"]
[BlackTeamCountry "HUN"]

1. d4 Nf6 2. c4 e6 3. Nc3 Bb4 4. Qc2 0-0 5. Bg5 d6 6. Nf3 Nbd7 7. e3 Qe7 8. Bd3 h6 9. Bh4 e5 10. dxe5 Nxe5 11. Nxe5 Qxe5 1/2-1/2

[Event "SVK-chT2C 1112"]
[Site "Slovakia"]
[Date "2012.01.28"]
[Round "8.1"]
[White "Egyed, Andras"]
[Black "Manik, Mikulas"]
[Result "1/2-1/2"]
[WhiteElo "2260"]
[BlackElo "2405"]
[PlyCount "56"]
[EventDate "2011.10.08"]
[EventType "team-tourn"]
[EventRounds "11"]
[EventCountry "SVK"]
[SourceTitle "EXT 2013"]
[Source "ChessBase"]
[SourceDate "2012.11.22"]
[SourceVersion "1"]
[SourceVersionDate "2012.11.22"]
[SourceQuality "1"]
[WhiteTeam "Filakovo"]
[BlackTeam "Dunajov II"]
[WhiteTeamCountry "SVK"]
[BlackTeamCountry "SVK"]

1. d4 Nf6 2. Nf3 e6 3. Bg5 h6 4. Bh4 d6 5. h3 Be7 6. Nbd2 c5 7. dxc5 dxc5 8. e4 Nc6 9. Bxf6 Bxf6 10. c3 0-0 11. Qc2 b6 12. Bd3 Bb7 13. 0-0 Qc7 14. Rfe1 Rad8 15. Rad1 Rd7 16. a4 Rfd8 17. Nc4 Ne5 18. Ncxe5 Bxe5 19. Qe2 g6 20. Bc2 Bg7 21. Rxd7 Rxd7 22. Rd1 Qd8 23. Rd2 Rxd2 24. Qxd2 Qxd2 25. Nxd2 Be5 26. Kf1 Kf8 27. Ke2 Ke7 28. Ke3 Bc6 1/2-1/2